Statistics for Bhutan Airlines-Paro Thimphu

Click here to take the quiz!

General Stats

  • This quiz has been taken 69 times
  • The average score is 5 of 5

Answer Stats

HintAnswer% Correct
IndiaDelhi
100%
IndiaMumbai
98%
ThailandBangkok
96%
NepalKathmandu
96%
IndiaKolkata
96%

Score Distribution

Percentile by Number Answered

Percent of People with Each Score

Your Score History

You have not taken this quiz